Подробности
| 000 -МАРКЕР |
| контрольное поле |
04350nam0a2200397 4500 |
| 001 - ИДЕНТИФИКАТОР ЗАПИСИ |
| контрольное поле |
RU\NLR\BIBL_A\012907095 |
| 005 - ИДЕНТИФИКАТОР ВЕРСИИ |
| контрольное поле |
20250812111450.0 |
| 010 ## - МЕЖДУНАРОДНЫЙ СТАНДАРТНЫЙ НОМЕР КНИГИ (ISBN) |
| Номер (ISBN) |
978-5-7422-7682-1 |
| Тираж |
100 |
| 021 ## - НОМЕР ГОСУДАРСТВЕННОЙ РЕГИСТРАЦИИ |
| Код страны |
российская федерация |
| Номер |
КН-П-22-055869 |
| Номер Листа государственной регистраци |
КН-П-22-4846 |
| 035 ## - ДРУГИЕ СИСТЕМНЫЕ НОМЕРА |
| Идентификатор записи |
(NLR Aleph) 012907095 |
| 035 ## - ДРУГИЕ СИСТЕМНЫЕ НОМЕРА |
| Идентификатор записи |
(RuMoRGB)011184034 |
| 100 ## - ДАННЫЕ ОБЩЕЙ ОБРАБОТКИ |
| Данные общей обработки |
20221012d2022 u y0rusy50 ca |
| 101 0# - ЯЗЫК РЕСУРСА |
| Язык текста, звукозаписи и т.д. |
немецкий |
| -- |
русский |
| 102 ## - СТРАНА ПУБЛИКАЦИИ ИЛИ ПРОИЗВОДСТВА |
| Страна публикации |
российская федерация |
| 105 ## - ПОЛЕ КОДИРОВАННЫХ ДАННЫХ: ТЕКСТОВЫЕ МАТЕРИАЛЫ, МОНОГРАФИЧЕСКИЕ |
| Кодированные данные о монографическом текстовом документе |
a j 000zy |
| 181 #0 - ПОЛЕ КОДИРОВАННЫХ ДАННЫХ: ВИД СОДЕРЖАНИЯ |
| Код вида содержания (ISBD) |
i3 |
| Код характеристики содержания (ISBD) |
axxe |
| 182 #0 - ПОЛЕ КОДИРОВАННЫХ ДАННЫХ: ТИП СРЕДСТВА |
| Код типа средства (ISBD) |
n - непосредственное |
| 200 1# - ЗАГЛАВИЕ И СВЕДЕНИЯ ОБ ОТВЕТСТВЕННОСТИ |
| Основное заглавие |
Немецкий язык для торговли |
| Параллельное заглавие |
Deutsch für Handel |
| Сведения, относящиеся к заглавию |
учебное пособие |
| -- |
для бакалавров 3-го курса по направлению подготовки 38.03.06 "Торговое дело", изучающих немецкий язык как второй иностранный язык |
| Первые сведения об ответственности |
Ж. А. Никифорова |
| Последующие сведения об ответственности |
Министерство науки и высшего образования Российской Федерации, Санкт-Петербургский политехнический университет Петра Великого, Институт промышленного менеджмента, экономики и торговли, Высшая школа сервиса и торговли |
| Язык параллельного заглавия |
немецкий |
| 203 ## - ВИД СОДЕРЖАНИЯ И ТИП СРЕДСТВА |
| Вид содержания |
Текст |
| Дополнительные сведения об издании |
визуальный |
| Тип средства |
непосредственный |
| 210 ## - ПУБЛИКАЦИЯ, РАСПРОСТРАНЕНИЕ И ДР. |
| Место издания, распространения и т.д. |
Санкт-Петербург |
| Имя издателя, распространителя и т. д. |
Cанкт-Петербургский политехнический университет Петра Великого, Политех Пресс |
| Дата издания, распространения и т.д. |
2022 |
| 215 ## - ФИЗИЧЕСКАЯ ХАРАКТЕРИСТИКА |
| Специфическое обозначение материала и объем |
101 с. |
| Другие сведения о физической характеристике |
ил., портр., табл. |
| Размеры |
20 |
| 300 ## - ОБЩИЕ ПРИМЕЧАНИЯ |
| Текст примечания |
Авт. также на англ. яз.: Zh. A. Nikiforova |
| 300 ## - ОБЩИЕ ПРИМЕЧАНИЯ |
| Текст примечания |
Текст нем., рус. |
| 320 ## - ПРИМЕЧАНИЯ О НАЛИЧИИ В ДОКУМЕНТЕ БИБЛИОГРАФИИ / УКАЗАТЕЛЯ |
| Текст примечания |
Библиогр.: с. 100-101 (22 назв.) |
| 330 ## - РЕЗЮМЕ ИЛИ РЕФЕРАТ |
| Текст примечания |
Цель пособия - научить студентов основам деловой коммуникации в сфере торговли в устной и письменной форме. На сегодняшний день торговля стала неотъемлемой частью экономической жизни общества. Сложно представить внешнеэкономические отношения стран без торгового компонента. Пособие позволит бакалаврам повысить интерес к международной торговле как важнейшему аспекту внешнеэкономической деятельности. Пособие содержит богатую информацию, характерную для типичных торговых ситуаций: заключение торгового договора, предложение или заказ товаров, ведение деловых переговоров и т. д. Учебное пособие состоит из шести уроков, в которых подробно рассматриваются основные виды и функции торговли. В каждый из уроков включены упражнения, развивающие основные виды речевой деятельности обучающихся: говорение, аудирование, чтение и письмо. Учебное пособие по дисциплине "Карьерная адаптивность: второй иностранный язык (немецкий)" предназначено для бакалавров 3-го курса по направлению подготовки 38.03.06 "Торговое дело", изучающих немецкий язык как второй иностранный язык |
| 510 1# - ПАРАЛЛЕЛЬНОЕ ЗАГЛАВИЕ |
| Связь между полями |
z44790 |
| Параллельное заглавие |
Deutsch für Handel |
| Язык заглавия |
немецкий |
| 606 1# - НАИМЕНОВАНИЕ ТЕМЫ КАК ПРЕДМЕТ |
| Наименование темы |
Немецкий язык |
| Тематический подзаголовок |
Учебные издания для торговых работников |
| Код системы |
nlr_sh2 |
| Идентификатор авторитетной/нормативной записи |
RU\NLR\AUTH\661460253 |
| 675 ## - УНИВЕРСАЛЬНАЯ ДЕСЯТИЧНАЯ КЛАССИФИКАЦИЯ (UDC/УДК) |
| Индекс |
811.112.2(075.8) |
| Издание |
4 |
| 686 1# - ИНДЕКСЫ ДРУГИХ КЛАССИФИКАЦИЙ |
| Индекс |
Ш143.24-93рус329.31 |
| 700 #1 - ИМЯ ЛИЦА - ПЕРВИЧНАЯ ОТВЕТСТВЕННОСТЬ |
| Начальный элемент ввода |
Никифорова |
| Часть имени, кроме начального элемента ввода |
Ж. А. |
| Расширение инициалов личного имени |
Жанна Александровна |
| 790 #1 - ИМЯ ЛИЦА - АЛЬТЕРНАТИВНАЯ ФОРМА |
| Связь между полями |
z44510 |
| Начальный элемент ввода |
Nikifiriva |
| Часть имени, кроме начального элемента ввода |
Ž. A. |
| Расширение инициалов личного имени |
Žanna Aleksandrovna |
| 942 ## - ДОПОЛНИТЕЛЬНЫЕ ЭЛЕМЕНТЫ ЗАПИСИ (АБИС) |
| Тип экземпляра АБИС |
Книга |
| 980 ## - КОЛЛЕКЦИЯ |
| Название коллекции |
Национальная библиография |